[Event "ICS rated blitz match"]
[Site "204.178.125.65"]
[Date "2000.07.10"]
[Round "?"]
[White "Hossa"]
[Black "QueenMaxima"]
[Result "0-1"]
[WhiteElo "2572"]
[BlackElo "2576"]
[PlyCount "96"]
[EventDate "2000.??.??"]

1. d4 Nf6 2. c4 e6 3. Nf3 b6 4. g3 Ba6 5. Qb3 Nc6 6. Nbd2 Na5 7. Qc2 c5 8. e4
cxd4 9. e5 Nh5 10. Nxd4 Qc7 11. f4 Bc5 12. Bg2 Rc8 13. Qc3 Bxd4 14. Qxd4 Nxc4
15. Ne4 Bb7 16. b3 Bxe4 17. Bxe4 Na5 18. Bb2 Nc6 19. Qd1 g6 20. O-O Qb8 21. a3
h6 22. Qd2 Na5 23. Qd3 O-O 24. Rfd1 Rc7 25. Rac1 Rfc8 26. Rxc7 Rxc7 27. Bf3 Ng7
28. Bg2 Nc6 29. Bc3 b5 30. Bd2 a6 31. Be3 Nf5 32. Bf2 h5 33. Be4 Kh7 34. Bxf5
gxf5 35. Be3 Ne7 36. Bd4 Nd5 37. Qe2 Kh6 38. Qd2 Qc8 39. Qe1 Rc2 40. Rd3 Ra2
41. Rd2 Rxa3 42. Rb2 b4 43. Qd1 Nc3 44. Qe1 Qc6 45. Qf1 Qd5 46. Rd2 Qxb3 47.
Bc5 Ne4 48. Bf8+ Kg6 0-1

[Event "ICS rated standard match"]
[Site "204.178.125.65"]
[Date "2000.07.10"]
[Round "?"]
[White "Hossa"]
[Black "QueenMaxima"]
[Result "1-0"]
[WhiteElo "2331"]
[BlackElo "2331"]
[PlyCount "115"]
[EventDate "2000.??.??"]

1. d4 Nf6 2. c4 e6 3. Nf3 b6 4. g3 Ba6 5. Qb3 Nc6 6. Nbd2 Na5 7. Qc2 c5 8. e4
cxd4 9. e5 Nh5 10. Nxd4 Bc5 11. Nb5 Qb8 12. f4 Qb7 13. Qe4 Rc8 14. Be2 g6 15.
b3 Bxb5 16. cxb5 Ng7 17. Bf3 Qxe4+ 18. Nxe4 Nf5 19. Bd2 Nd4 20. Nf6+ Ke7 21.
Bd1 Ba3 22. O-O d5 23. Rb1 Nb7 24. b4 Nd6 25. f5 Nc4 26. Bg5 Nxf5 27. g4 h6 28.
Nxd5+ Kf8 29. Bf6 exd5 30. Bxh8 Nfe3 31. Rf2 Bxb4 32. Rxb4 Nxd1 33. Rf3 Nde3
34. e6 Ke7 35. Rxf7+ Kxe6 36. Rh7 a5 37. bxa6 h5 38. gxh5 Ra8 39. hxg6 Nc2 40.
Rb3 Kf5 41. Rf3+ Ke4 42. Kf2 N4e3 43. Re7+ Kd3 44. g7 Rg8 45. a7 Ra8 46. h3 Nb4
47. Rexe3+ Kc4 48. Rf4+ d4 49. Rxd4+ Kb5 50. Rb3 Kc6 51. Rdxb4 b5 52. Rxb5 Kc7
53. Ra3 Kc6 54. Rb8 Rxa7 55. Rxa7 Kd5 56. g8=Q+ Kd6 57. Qd8+ Kc5 58. Rc7# 1-0

[Event "ICS rated standard match"]
[Site "204.178.125.65"]
[Date "2000.07.10"]
[Round "?"]
[White "QueenMaxima"]
[Black "Hossa"]
[Result "1-0"]
[WhiteElo "2315"]
[BlackElo "2347"]
[PlyCount "81"]
[EventDate "2000.??.??"]

1. d4 Nf6 2. Bf4 c5 3. dxc5 Na6 4. e3 Nxc5 5. Nd2 d6 6. Ngf3 h6 7. Bb5+ Bd7 8.
Bxd7+ Qxd7 9. O-O g5 10. Bg3 Bg7 11. c3 O-O-O 12. Qe2 Qf5 13. Nd4 Qd3 14. Qxd3
Nxd3 15. Nf5 Bf8 16. Nc4 b5 17. Na5 Ne4 18. Nc6 Rd7 19. a4 bxa4 20. Rxa4 Nxg3
21. fxg3 Nxb2 22. Nxa7+ Kc7 23. Ra2 Nc4 24. Nb5+ Kc6 25. Nfd4+ Kb6 26. Rxf7 h5
27. e4 Bh6 28. Rf1 g4 29. Rb1 Be3+ 30. Kh1 Nb2 31. Raxb2 Bxd4 32. cxd4 Ra8 33.
Rc2 Ra4 34. Nxd6+ Ka5 35. Rc5+ Ka6 36. Rc6+ Ka7 37. Nc8+ Ka8 38. Rcb6 Rb7 39.
Rxb7 Rb4 40. R1xb4 e6 41. Rb8# 1-0

[Event "ICS rated blitz match"]
[Site "204.178.125.65"]
[Date "2000.07.10"]
[Round "?"]
[White "mid"]
[Black "Hossa"]
[Result "0-1"]
[WhiteElo "2154"]
[BlackElo "2556"]
[PlyCount "108"]
[EventDate "2000.??.??"]

1. e4 e6 2. d4 d5 3. Nc3 Nc6 4. e5 f6 5. exf6 Nxf6 6. Nf3 Bd6 7. Be2 O-O 8. O-O
a6 9. Be3 Bd7 10. a3 Ng4 11. Qd3 Rxf3 12. Bxf3 Nxh2 13. Rfd1 Nxf3+ 14. gxf3 Qf6
15. f4 Be8 16. Ne2 Qh4 17. Ng3 Bg6 18. Qe2 Qh3 19. Qf1 Qxf1+ 20. Rxf1 Bxc2 21.
Rfc1 Bg6 22. Rf1 Rf8 23. Rfe1 Bxf4 24. Bxf4 Rxf4 25. Rxe6 Kf7 26. Re3 Nxd4 27.
Rc1 c6 28. b4 a5 29. bxa5 h5 30. a6 bxa6 31. Ne2 Nxe2+ 32. Rxe2 Rf6 33. Re3 Be4
34. Rec3 d4 35. Rc4 Rg6+ 36. Kh2 Rg2+ 37. Kh3 Rxf2 38. Rxd4 Rf4 39. Kg3 g5 40.
Ra4 h4+ 41. Kh2 Rf2+ 42. Kg1 Rg2+ 43. Kf1 Rc2 44. Rxc2 Bxc2 45. Ra5 Bd3+ 46.
Kg2 Kf6 47. Kf3 Bb5 48. Kg4 Kg6 49. a4 Be2+ 50. Kh3 Bc4 51. Kg4 Be6+ 52. Kf3
g4+ 53. Kf4 g3 54. Ke3 Bd5 0-1

[Event "ICS rated blitz match"]
[Site "204.178.125.65"]
[Date "2000.07.10"]
[Round "?"]
[White "Hossa"]
[Black "mid"]
[Result "1-0"]
[WhiteElo "2559"]
[BlackElo "2151"]
[PlyCount "81"]
[EventDate "2000.??.??"]

1. e4 e6 2. d4 d5 3. Nd2 Ne7 4. Ngf3 b6 5. Bd3 c6 6. O-O Ba6 7. Bxa6 Nxa6 8.
Re1 Nb8 9. Qe2 Nd7 10. exd5 cxd5 11. Nb1 Nf5 12. Bf4 Be7 13. g4 Nh4 14. Nxh4
Bxh4 15. Nc3 O-O 16. Nb5 a6 17. Nc7 e5 18. Bxe5 Nxe5 19. Nxa8 Nd7 20. Qxa6 Qxa8
21. Qxa8 Rxa8 22. Kg2 Kf8 23. Re2 Be7 24. Rae1 Bd6 25. a3 h6 26. h4 g6 27. c3
b5 28. Kf3 Nf6 29. g5 hxg5 30. hxg5 Nh5 31. Rh1 Re8 32. Rxe8+ Kxe8 33. Re1+ Kd7
34. Kg4 Nf4 35. Re3 Ne6 36. Rh3 Bf4 37. Rf3 Bxg5 38. Rxf7+ Kd6 39. f4 Bd8 40.
Rh7 Be7 41. Rh6 1-0

[Event "ICS rated blitz match"]
[Site "204.178.125.65"]
[Date "2000.07.10"]
[Round "?"]
[White "mid"]
[Black "Hossa"]
[Result "1/2-1/2"]
[WhiteElo "2148"]
[BlackElo "2562"]
[PlyCount "72"]
[EventDate "2000.??.??"]

1. e4 e6 2. d4 d5 3. Nc3 Nc6 4. Nf3 Nf6 5. e5 Ne4 6. Bd3 Bb4 7. Bd2 Nxd2 8.
Qxd2 O-O 9. a3 Bxc3 10. Qxc3 f6 11. exf6 Qxf6 12. O-O-O Qf4+ 13. Kb1 a5 14. h4
Qg4 15. Be2 Qxg2 16. Rdg1 Qxf2 17. Rh2 Rxf3 18. Rxf2 Rxc3 19. bxc3 Bd7 20. Rfg2
g6 21. h5 Be8 22. Bd3 Ne7 23. hxg6 Bxg6 24. Re1 Kf7 25. Rge2 Bxd3 26. cxd3 h5
27. Rxe6 Ng6 28. R6e3 h4 29. Rf1+ Kg7 30. Rf5 c6 31. c4 Rd8 32. c5 Rh8 33. Rh3
Ne7 34. Rf4 Ng6 35. Rf5 Ne7 36. Rf4 Ng6 1/2-1/2

[Event "ICS rated blitz match"]
[Site "204.178.125.65"]
[Date "2000.07.10"]
[Round "?"]
[White "Hossa"]
[Black "mid"]
[Result "0-1"]
[WhiteElo "2549"]
[BlackElo "2161"]
[PlyCount "158"]
[EventDate "2000.??.??"]

1. e4 e6 2. d4 c5 3. Nf3 cxd4 4. Nxd4 Nc6 5. Nc3 Qc7 6. Ndb5 Qb8 7. Be2 Nf6 8.
O-O a6 9. Nd4 b5 10. Nxc6 dxc6 11. e5 Qxe5 12. Re1 Qd6 13. a4 Qxd1 14. Rxd1 Bb7
15. Bf3 b4 16. Na2 Rd8 17. Rxd8+ Kxd8 18. Bd2 a5 19. c3 Nd5 20. Bxd5 exd5 21.
cxb4 Bxb4 22. Nxb4 axb4 23. Bxb4 Re8 24. a5 Ba6 25. Bc5 Re2 26. b4 Kd7 27. Rc1
Rd2 28. f3 Re2 29. h3 Rd2 30. Kh2 d4 31. Kg3 d3 32. Bd4 f6 33. f4 Rc2 34. Rd1
Rc4 35. Bc5 Re4 36. Kf3 f5 37. Ra1 Ke6 38. h4 h5 39. Kg3 Kd5 40. Rc1 Re2 41.
Kf3 g6 42. Ra1 Kc4 43. Rd1 Kc3 44. Rc1+ Kb2 45. Rd1 Kc2 46. Ra1 d2 47. Be3 d1=Q
48. Rxd1 Kxd1 49. Bc5 Re4 50. Kg3 Ke2 51. Bd6 Re3+ 52. Kh2 Kf1 53. Be5 Re4 54.
Bd6 Rd4 55. Bc5 Rxf4 56. Kh3 Rf2 57. Bxf2 Kxf2 58. Kh2 f4 59. Kh1 Kg3 60. Kg1
f3 61. gxf3 Kxf3 62. Kh1 Kg4 63. Kg2 Kxh4 64. Kf3 g5 65. Kg2 g4 66. Kh2 g3+ 67.
Kg2 Kg4 68. Kg1 Kh3 69. b5 cxb5 70. Kf1 g2+ 71. Kf2 Kh2 72. Kf3 g1=Q 73. Ke4
Qg5 74. Kd3 Qe5 75. Kd2 Qg3 76. Kd1 Qf2 77. Kc1 b4 78. Kb1 b3 79. Kc1 Qc2# {
Hossa checkmated} 0-1

[Event "ICS rated blitz match"]
[Site "204.178.125.65"]
[Date "2000.07.10"]
[Round "?"]
[White "QueenMaxima"]
[Black "Hossa"]
[Result "1-0"]
[WhiteElo "2565"]
[BlackElo "2520"]
[PlyCount "99"]
[EventDate "2000.??.??"]

1. d4 c5 2. d5 e5 3. e4 Nf6 4. Nc3 d6 5. Be2 Be7 6. Nf3 O-O 7. O-O Nfd7 8. Bd2
Na6 9. Bxa6 bxa6 10. Qe2 f5 11. exf5 Nb6 12. g4 a5 13. Qd3 c4 14. Qe4 Rb8 15.
Rad1 Nd7 16. Na4 Ba6 17. Qe2 Nf6 18. Ng5 Qd7 19. Nc3 Rxb2 20. Bc1 Rbb8 21. Ne6
Rf7 22. f4 Qb7 23. Kh1 Qb4 24. Bd2 Qb7 25. Rb1 Qc8 26. Ng5 Rf8 27. fxe5 dxe5
28. Qxe5 Rxb1 29. Rxb1 Bb4 30. Ne6 Rf7 31. g5 Nd7 32. Qd4 Nf8 33. Ne4 Nxe6 34.
fxe6 Rf3 35. Bxb4 axb4 36. e7 Bb5 37. Qxa7 Be8 38. Nd6 Qh3 39. Qg1 Bf7 40. Nxf7
Kxf7 41. d6 Rf4 42. Qg2 Qxg2+ 43. Kxg2 Rf5 44. Re1 Rxg5+ 45. Kh1 Rf5 46. e8=Q+
Kf6 47. Qe7+ Kg6 48. Rg1+ Kh5 49. Qxg7 b3 50. Qxh7# {Hossa checkmated} 1-0

[Event "ICS rated blitz match"]
[Site "204.178.125.65"]
[Date "2000.07.10"]
[Round "?"]
[White "Hossa"]
[Black "QueenMaxima"]
[Result "1/2-1/2"]
[WhiteElo "2506"]
[BlackElo "2579"]
[PlyCount "193"]
[EventDate "2000.??.??"]

1. d4 f5 2. g3 Nf6 3. Bg2 g6 4. c4 Bg7 5. Nc3 O-O 6. Nf3 d6 7. O-O Nc6 8. d5
Ne5 9. Nxe5 dxe5 10. Bg5 e4 11. f3 exf3 12. exf3 c6 13. dxc6 Qb6+ 14. Rf2 bxc6
15. Qd2 Ba6 16. Bf1 Rad8 17. Qe1 Rfe8 18. Na4 Qc7 19. Nc5 Bc8 20. Ne6 Bxe6 21.
Qxe6+ Kh8 22. Re1 Qb6 23. c5 Qxc5 24. Rc1 Rd6 25. Qf7 Qd5 26. Bc4 Qxf7 27. Bxf7
Rf8 28. Bb3 Nd5 29. Bxd5 Rxd5 30. Bxe7 Rb8 31. Rxc6 Rd1+ 32. Kg2 Bxb2 33. Bd6
Rb7 34. f4 Bd4 35. Be5+ Bxe5 36. fxe5 Re1 37. Re6 Kg8 38. g4 fxg4 39. Re8+ Kg7
40. e6 Kh6 41. Rd2 Rb6 42. Kg3 Rexe6 43. Rxe6 Rxe6 44. Kxg4 Re4+ 45. Kf3 Ra4
46. Kg3 Kg5 47. Rd5+ Kf6 48. Rd2 Ke5 49. Kf3 h6 50. Re2+ Kf5 51. Rc2 Ra3+ 52.
Kf2 Kf4 53. Re2 a5 54. Rc2 a4 55. Kg2 Ke5 56. Re2+ Kd4 57. Rf2 g5 58. Rb2 h5
59. Kf2 g4 60. Kg2 Ke4 61. Re2+ Kd5 62. Rd2+ Ke5 63. Re2+ Kf4 64. Rf2+ Ke3 65.
Rc2 h4 66. Kg1 Rd3 67. Rc1 Rd2 68. a3 Rd3 69. Ra1 g3 70. hxg3 hxg3 71. Kg2 Kf4
72. Rf1+ Ke4 73. Re1+ Kf5 74. Ra1 Rb3 75. Ra2 Kf4 76. Kh3 Rc3 77. Kg2 Re3 78.
Ra1 Re2+ 79. Kf1 Kf3 80. Kg1 Ke4 81. Kf1 Rd2 82. Kg1 Kd5 83. Kf1 Kc5 84. Ke1
Rh2 85. Rc1+ Kd4 86. Rc8 Rh1+ 87. Kd2 g2 88. Rg8 g1=Q 89. Rxg1 Rxg1 90. Ke2 Rg3
91. Kf2 Rxa3 92. Kg2 Re3 93. Kf1 a3 94. Kg2 a2 95. Kh2 a1=Q 96. Kg2 Qa2+ 97.
Kf1 1/2-1/2

[Event "ICS rated bullet match"]
[Site "204.178.125.65"]
[Date "2000.07.10"]
[Round "?"]
[White "harimau"]
[Black "Hossa"]
[Result "1-0"]
[WhiteElo "2626"]
[BlackElo "2529"]
[PlyCount "101"]
[EventDate "2000.??.??"]

1. e4 e6 2. d4 d5 3. e5 b6 4. Nf3 Qd7 5. a4 c5 6. Bb5 Nc6 7. a5 bxa5 8. O-O Bb7
9. Rxa5 cxd4 10. Qxd4 Nge7 11. Qc3 a6 12. Ba4 Nf5 13. Bd2 Be7 14. g4 Nh4 15.
Nxh4 Bxh4 16. g5 h6 17. gxh6 gxh6 18. Rc5 Rc8 19. Qf3 Rg8+ 20. Kh1 Be7 21. Rc3
Bb4 22. Rd3 Bxd2 23. Nxd2 Qc7 24. Qf4 h5 25. h3 Qb6 26. Rg3 Rxg3 27. fxg3 Rc7
28. Qh6 Qb4 29. Qh8+ Qf8 30. Qxh5 Qg7 31. Rf6 Qxg3 32. Rxe6+ Re7 33. Bxc6+ Bxc6
34. Qh8+ Kd7 35. Rd6+ Kc7 36. Qd8+ Kb7 37. Qxe7+ Kb6 38. Qf6 Qxh3+ 39. Kg1 Qg3+
40. Kf1 Qh3+ 41. Kf2 Qh2+ 42. Ke3 d4+ 43. Kd3 Qg2 44. e6 Qg3+ 45. Qf3 Qg6+ 46.
Kxd4 Qg7+ 47. Kc4 Ka5 48. b4+ Kb6 49. Qxc6+ Ka7 50. Qc7+ Ka8 51. Rxa6# {
Hossa checkmated} 1-0

[Event "ICS rated bullet match"]
[Site "204.178.125.65"]
[Date "2000.07.10"]
[Round "?"]
[White "Hossa"]
[Black "harimau"]
[Result "1/2-1/2"]
[WhiteElo "2517"]
[BlackElo "2638"]
[PlyCount "193"]
[EventDate "2000.??.??"]

1. d4 d5 2. c4 dxc4 3. e3 e5 4. Bxc4 exd4 5. exd4 Nf6 6. Nc3 Bd6 7. Nf3 O-O 8.
O-O Nbd7 9. Nb5 Nb6 10. Nxd6 Qxd6 11. Bd3 Bg4 12. Bg5 h6 13. Be3 Nbd5 14. Re1
Qb4 15. Rb1 Nxe3 16. fxe3 c5 17. Qd2 Qxd2 18. Nxd2 cxd4 19. exd4 Rfd8 20. Ne4
Nxe4 21. Bxe4 Rxd4 22. Bxb7 Rad8 23. Be4 a5 24. Rbc1 Rd2 25. Rc5 a4 26. Ra5 Bd7
27. Rb1 Kf8 28. g3 Be8 29. Rf5 R8d4 30. Bg2 f6 31. Rc5 Rd1+ 32. Rxd1 Rxd1+ 33.
Bf1 Rd2 34. Bc4 Rxb2 35. h3 Rc2 36. Rc8 Ke7 37. Be6 Rd2 38. Bc4 Bd7 39. Rg8 Be6
40. Bxe6 Kxe6 41. a3 Rd3 42. Rxg7 Rxa3 43. Kf2 Ra1 44. Rg8 a3 45. Re8+ Kd5 46.
Ra8 a2 47. Kg2 f5 48. h4 Ke4 49. h5 Ke5 50. Ra4 Kf6 51. Ra6+ Kg5 52. Ra5 Kg4
53. Kh2 f4 54. gxf4 Kxf4 55. Kg2 Ke4 56. Ra4+ Kf5 57. Ra5+ Kf4 58. Kh2 Ke4 59.
Kg2 Kd3 60. Ra3+ Kc4 61. Ra8 Kb3 62. Rb8+ Ka3 63. Ra8+ Kb2 64. Rb8+ Kc2 65.
Rc8+ Kd3 66. Rd8+ Kc3 67. Rc8+ Kb4 68. Rb8+ Kc5 69. Rc8+ Kb6 70. Ra8 Kb5 71.
Rb8+ Kc6 72. Ra8 Kb6 73. Ra4 Kc5 74. Ra8 Kc4 75. Rc8+ Kd4 76. Ra8 Ke3 77. Ra4
Ke2 78. Ra8 Kd2 79. Rd8+ Ke3 80. Ra8 Rb1 81. Rxa2 Rb5 82. Ra6 Rxh5 83. Re6+ Kf4
84. Rf6+ Kg5 85. Rf3 Rh4 86. Rg3+ Rg4 87. Rxg4+ Kxg4 88. Kh2 h5 89. Kg2 h4 90.
Kh2 h3 91. Kg1 Kg5 92. Kh1 Kh5 93. Kh2 Kh4 94. Kg1 Kg3 95. Kh1 Kf4 96. Kh2 Ke4
97. Kxh3 1/2-1/2

[Event "ICS rated blitz match"]
[Site "204.178.125.65"]
[Date "2000.07.10"]
[Round "?"]
[White "harimau"]
[Black "Hossa"]
[Result "1-0"]
[WhiteElo "2828"]
[BlackElo "2509"]
[PlyCount "137"]
[EventDate "2000.??.??"]

1. e4 c6 2. d4 d5 3. e5 Bf5 4. Bd3 Bxd3 5. Qxd3 e6 6. Nf3 c5 7. dxc5 Bxc5 8.
Qb5+ Nd7 9. Qxb7 Rb8 10. Qa6 Ne7 11. O-O O-O 12. Nbd2 Rb4 13. c3 Rb6 14. Qe2
Ng6 15. Nb3 Be7 16. Be3 Rb7 17. Bd4 Qc7 18. Rac1 Rc8 19. Rfe1 Qb8 20. Rc2 Rd8
21. Rec1 Nf4 22. Qe3 Ng6 23. c4 Nb6 24. Na5 Rc7 25. cxd5 Nxd5 26. Qe2 Ngf4 27.
Qe4 Rxc2 28. Rxc2 Nb4 29. Rc4 Rd5 30. Qxf4 Rxa5 31. a3 Nd5 32. Qc1 Bf8 33. b4
Ra6 34. Rc8 Qb7 35. Bb2 Ne7 36. Rc7 Qb5 37. Qb1 Qe2 38. Qf1 Qxf1+ 39. Kxf1 Nd5
40. Rd7 g6 41. Ng5 Nb6 42. Rc7 Nd5 43. Rb7 Be7 44. Ne4 Bf8 45. g3 Rc6 46. Rxa7
Rc2 47. Bd4 Rc4 48. Bc5 Rxe4 49. Ra8 Rxe5 50. Bxf8 Nb6 51. Re8 f5 52. Bd6+ Kf7
53. Rf8+ Kg7 54. Rb8 Nc4 55. Bxe5+ Nxe5 56. a4 Ng4 57. a5 Ne5 58. a6 Kf6 59. a7
Nc6 60. a8=Q Nxb8 61. Qxb8 h5 62. b5 h4 63. b6 hxg3 64. b7 gxf2 65. Qd8+ Ke5
66. b8=Q+ Ke4 67. Qb4+ Ke3 68. Qbd4+ Kf3 69. Qa8# {Hossa checkmated} 1-0

[Event "ICS rated standard match"]
[Site "204.178.125.65"]
[Date "2000.07.10"]
[Round "?"]
[White "Hossa"]
[Black "Phizzy"]
[Result "1-0"]
[WhiteElo "2330"]
[BlackElo "2114"]
[PlyCount "67"]
[EventDate "2000.??.??"]

1. d4 d5 2. c4 c6 3. Nf3 Nf6 4. e3 e6 5. Bd3 Be7 6. O-O O-O 7. b3 Nbd7 8. Nc3
dxc4 9. bxc4 Qc7 10. a4 e5 11. Qc2 Re8 12. Rb1 Bf8 13. Ng5 g6 14. c5 exd4 15.
exd4 h6 16. Nxf7 Kxf7 17. Bxg6+ Kg7 18. Bxh6+ Kxh6 19. Bf7 Ne5 20. Bxe8 Nxe8
21. Qd2+ Kh7 22. dxe5 Bf5 23. Rb2 Bh6 24. f4 Rd8 25. Qf2 Qe7 26. Rd1 Nc7 27.
Rxb7 Rxd1+ 28. Nxd1 Qd8 29. Ne3 Be4 30. Qe2 Qe7 31. Qc4 Bg6 32. Rxa7 Bf7 33.
Qe4+ Kg7 34. Nf5+ 1-0

[Event "ICS rated standard match"]
[Site "204.178.125.65"]
[Date "2000.07.10"]
[Round "?"]
[White "Phizzy"]
[Black "Hossa"]
[Result "0-1"]
[WhiteElo "2085"]
[BlackElo "2332"]
[PlyCount "220"]
[EventDate "2000.??.??"]

1. e4 d5 2. e5 Nc6 3. d4 Bf5 4. c3 f6 5. f4 Qd7 6. Nf3 O-O-O 7. a4 g5 8. g3
gxf4 9. Bxf4 fxe5 10. Nxe5 Nxe5 11. Bxe5 Nf6 12. Nd2 Bh6 13. Nf3 Be4 14. Bg2
Rhf8 15. Qe2 Ng4 16. O-O Be3+ 17. Kh1 Qf5 18. h3 Nf2+ 19. Rxf2 Bxf2 20. Qxf2
Bxf3 21. Qxf3 Qxf3 22. Bxf3 Rxf3 23. Kg2 Rf7 24. a5 Rdf8 25. Bf4 Rf6 26. Re1
Kd7 27. Re5 Rf5 28. Re1 R8f7 29. Kf3 R5f6 30. Re5 c6 31. Re2 Rg7 32. Re1 a6 33.
b4 Rf8 34. Re5 Rg6 35. Re1 h6 36. Re5 Rff6 37. Re2 Rg8 38. h4 Rf7 39. Re5 Rg6
40. Re2 Rf8 41. Re5 Rg7 42. Re2 Rf6 43. Re5 Ke8 44. Re2 Rg8 45. Re5 Kd8 46. Re2
Kd7 47. Re5 e6 48. Re2 h5 49. Re5 Rf5 50. Re2 Ke7 51. Re5 Rxe5 52. Bxe5 Kf7 53.
Bf4 Kf6 54. Be5+ Kf5 55. Bf4 Rh8 56. Be5 Rf8 57. Bf4 Rf7 58. Be5 Rh7 59. Bf4
Rg7 60. Be5 Rd7 61. Bf4 Rd8 62. Be5 Re8 63. Bf4 Rc8 64. Be5 c5 65. bxc5 Rf8 66.
Bf4 Rg8 67. Be5 Re8 68. Bf4 Rh8 69. Be5 Rh7 70. Bf4 Rg7 71. Be5 Rf7 72. Bf4 Re7
73. Be5 Rd7 74. Bf4 Rd8 75. Be5 Kg6 76. Bf4 Rh8 77. Be5 Rf8+ 78. Bf4 Kf7 79.
Ke3 Kf6 80. Kf3 Rg8 81. Be5+ Ke7 82. Bf4 Kd7 83. Be5 Kc6 84. Ke3 Kb5 85. Bc7
Rg7 86. Bd8 Rxg3+ 87. Kf4 Rg8 88. Bg5 Kxa5 89. Ke5 Kb5 90. Kxe6 Kc4 91. Kd6 a5
92. Bc1 a4 93. Ba3 Kxc3 94. Kxd5 Rd8+ 95. Ke5 Rxd4 96. Bb2+ Kxb2 97. Kxd4 Kb3
98. Ke5 Kc4 99. Kf5 Kxc5 100. Kg5 a3 101. Kxh5 a2 102. Kg6 Kd5 103. h5 Ke6 104.
h6 Kd5 105. h7 a1=Q 106. Kf7 Qh8 107. Kg6 Ke5 108. Kf7 Qxh7+ 109. Ke8 Ke6 110.
Kd8 Qd7# {Phizzy checkmated} 0-1

[Event "ICS Rated standard match"]
[Site "204.178.125.65"]
[Date "2000.07.10"]
[Round "?"]
[White "Hossa"]
[Black "ET2000"]
[Result "1/2-1/2"]
[WhiteElo "2334"]
[BlackElo "2705"]
[PlyCount "143"]
[EventDate "2000.??.??"]

1. d4 Nf6 2. c4 e6 3. Nf3 b6 4. e3 Bb7 5. Nc3 d5 6. cxd5 exd5 7. Bd3 Bd6 8. O-O
a6 9. Bd2 c5 10. dxc5 bxc5 11. Qc2 O-O 12. Ng5 h6 13. Nh7 Re8 14. Nxf6+ Qxf6
15. Qb3 Ra7 16. Nxd5 Bxd5 17. Qxd5 Rd7 18. Qf5 Bxh2+ 19. Kxh2 Qxf5 20. Bxf5
Rxd2 21. b3 Re5 22. Bc8 Kf8 23. Kg3 Rg5+ 24. Kf3 Nc6 25. g4 Ne5+ 26. Kg3 Nxg4
27. Bxg4 h5 28. f3 hxg4 29. fxg4 Re5 30. Kf3 Rd3 31. Rfe1 f6 32. Rac1 Kf7 33.
Rc4 Ke7 34. Kf4 Rd2 35. Ra4 Re6 36. Rc1 Rf2+ 37. Kg3 Re2 38. e4 R2xe4 39. Rxe4
Rxe4 40. Rxc5 Kd7 41. Ra5 Re6 42. Kf4 g6 43. Ra4 Rc6 44. a3 Kc7 45. Re4 Kd6 46.
Re8 Rb6 47. Ra8 Ke6 48. b4 Rc6 49. Ke4 Ke7 50. Kd5 Rd6+ 51. Kc5 f5 52. gxf5
gxf5 53. a4 f4 54. Ra7+ Ke6 55. Rh7 Rd1 56. Rh2 Rc1+ 57. Kb6 Ra1 58. a5 Rb1 59.
Kxa6 Rxb4 60. Ka7 Kd5 61. Rh5+ Kd4 62. Rh4 Ke3 63. a6 Rb2 64. Ka8 f3 65. a7 f2
66. Rf4 Ra2 67. Rxf2 Rxf2 68. Kb7 Rb2+ 69. Ka8 Ra2 70. Kb7 Rb2+ 71. Ka8 Ra2 72.
Kb7 1/2-1/2

[Event "ICS rated blitz match"]
[Site "204.178.125.65"]
[Date "2000.07.10"]
[Round "?"]
[White "PostModernist"]
[Black "Hossa"]
[Result "1-0"]
[WhiteElo "2671"]
[BlackElo "2505"]
[PlyCount "107"]
[EventDate "2000.??.??"]

1. d4 Nf6 2. c4 e6 3. Nf3 b6 4. g3 Ba6 5. Nbd2 Bb7 6. Bg2 c5 7. e4 cxd4 8. Nxd4
Bc5 9. N4b3 Be7 10. O-O e5 11. Nb1 O-O 12. Qe2 Nc6 13. Be3 Rc8 14. Nc3 Qc7 15.
Nd5 Nxd5 16. exd5 Nb4 17. Rfc1 f5 18. a3 Na6 19. a4 Rfe8 20. Qh5 f4 21. gxf4
exf4 22. Bd4 Bb4 23. Qg5 d6 24. Bh3 Rcd8 25. Be6+ Rxe6 26. dxe6 Re8 27. Qf5 Rf8
28. Qg4 Be4 29. Qg5 Re8 30. Qxf4 Rxe6 31. f3 Bd3 32. Kh1 Re2 33. Bc3 Nc5 34.
Nxc5 Bxc5 35. Re1 Qb7 36. Qg4 Kh8 37. Qg2 Rxe1+ 38. Rxe1 Bxc4 39. Bf6 b5 40. a5
h6 41. Re7 Qxe7 42. Bxe7 Bd5 43. Qg4 Kg8 44. b4 Be3 45. Bxd6 Kh8 46. Qc8+ Bg8
47. Be5 h5 48. Qe8 Bf4 49. Qxh5+ Bh7 50. Qe8+ Bg8 51. Bxf4 a6 52. Qh5+ Bh7 53.
Be5 Kg8 54. Qe8# {Hossa checkmated} 1-0

[Event "ICS rated blitz match"]
[Site "204.178.125.65"]
[Date "2000.07.10"]
[Round "?"]
[White "Hossa"]
[Black "PostModernist"]
[Result "1/2-1/2"]
[WhiteElo "2496"]
[BlackElo "2680"]
[PlyCount "145"]
[EventDate "2000.??.??"]

1. d4 Nf6 2. Bf4 g6 3. e3 Bg7 4. Nf3 d5 5. Bb5+ Bd7 6. Nc3 O-O 7. Bxd7 Nbxd7 8.
O-O c5 9. Qe2 Qb6 10. a3 Rfe8 11. Rab1 Qe6 12. Ng5 Qf5 13. Qd2 e5 14. dxe5 Nxe5
15. Nxd5 Nc4 16. Qe2 Nxe3 17. Nxf6+ Bxf6 18. fxe3 Bxg5 19. Bxg5 Qxg5 20. e4
Rad8 21. Qf3 Re7 22. Rbd1 Rxd1 23. Rxd1 Qe5 24. Qf2 b6 25. b4 cxb4 26. axb4
Qxe4 27. Rd4 Qe5 28. g3 a5 29. Rd1 Qe3 30. Qxe3 Rxe3 31. bxa5 bxa5 32. Ra1 Re5
33. Kf2 h5 34. c4 Kg7 35. Rc1 Rc5 36. Ke3 a4 37. Kd4 Rc8 38. Kc3 Re8 39. Kb4
Re2 40. c5 Rxh2 41. c6 Rb2+ 42. Kxa4 Rb8 43. c7 Rc8 44. Kb5 g5 45. Kc6 h4 46.
gxh4 gxh4 47. Rh1 Rh8 48. Kd7 f5 49. Re1 Kf6 50. Re6+ Kg5 51. Re8 Rh7+ 52. Re7
Rh8 53. Rg7+ Kf4 54. Kd6 h3 55. Rh7 Rxh7 56. c8=Q h2 57. Qc4+ Kf3 58. Qd3+ Kg4
59. Qd1+ Kg5 60. Qd2+ Kf6 61. Qb2+ Kg6 62. Qg2+ Kf6 63. Qh1 Rh3 64. Kc5 f4 65.
Qc6+ Kg5 66. Qd5+ Kg4 67. Qe6+ Kg3 68. Qg6+ Kf2 69. Qc2+ Kg3 70. Qg6+ Kf2 71.
Qc2+ Kg3 72. Qg6+ Kf2 73. Qc2+ 1/2-1/2

[Event "ICS Rated blitz match"]
[Site "204.178.125.65"]
[Date "2000.07.10"]
[Round "?"]
[White "Hossa"]
[Black "asiota"]
[Result "1-0"]
[WhiteElo "2504"]
[BlackElo "2305"]
[PlyCount "115"]
[EventDate "2000.??.??"]

1. e4 c5 2. c3 d5 3. exd5 Qxd5 4. d4 cxd4 5. cxd4 Nc6 6. Nf3 e5 7. Nc3 Bb4 8.
Bd2 Bxc3 9. Bxc3 e4 10. Nd2 Nf6 11. Bc4 Qf5 12. d5 Ne5 13. O-O O-O 14. Bb4 Re8
15. b3 Bd7 16. a4 a6 17. a5 Ng6 18. f3 e3 19. Ne4 Nxe4 20. fxe4 Qxe4 21. Re1
Bg4 22. Qd3 Qxd3 23. Bxd3 Nf4 24. Bc4 Rad8 25. d6 Bd7 26. Bc5 e2 27. g3 Nh3+
28. Kg2 Ng5 29. Bxe2 Bc6+ 30. Kf1 Ne4 31. b4 Nxd6 32. Bb6 Rc8 33. Rad1 Ne4 34.
Rc1 f5 35. Bc4+ Kh8 36. Bf7 Re7 37. Ba2 Rce8 38. Kg1 Ng5 39. Rxe7 Rxe7 40. Kf2
Nh3+ 41. Kf1 h6 42. Bc4 f4 43. Bxa6 f3 44. Bd3 Rd7 45. b5 Rxd3 46. bxc6 bxc6
47. a6 Ra3 48. a7 Kh7 49. Bd4 Ra2 50. Ra1 Rxh2 51. Ke1 f2+ 52. Ke2 Ng1+ 53. Ke3
f1=Q 54. Rxf1 Re2+ 55. Kd3 Ra2 56. Ra1 c5 57. Rxa2 cxd4 58. Kxd4 {
asiota resigns} 1-0

[Event "ICS rated standard match"]
[Site "204.178.125.65"]
[Date "2000.07.10"]
[Round "?"]
[White "Esen"]
[Black "Hossa"]
[Result "0-1"]
[WhiteElo "1917"]
[BlackElo "2347"]
[PlyCount "68"]
[EventDate "2000.??.??"]

1. Nf3 d5 2. d4 Nf6 3. e3 g6 4. c4 c6 5. Nc3 Bg7 6. Bd3 dxc4 7. Bxc4 O-O 8. O-O
Bg4 9. Be2 Ne8 10. Nd2 Bxe2 11. Qxe2 Na6 12. Nf3 c5 13. Rd1 cxd4 14. Nxd4 Qc8
15. Ndb5 Nec7 16. Nxc7 Nxc7 17. Bd2 b5 18. a3 Qb7 19. Qf3 Qxf3 20. gxf3 a5 21.
Rab1 Rfd8 22. Be1 Rxd1 23. Rxd1 e6 24. Rd7 Rc8 25. Kf1 h5 26. Ke2 b4 27. axb4
axb4 28. Na4 Nd5 29. e4 Nf4+ 30. Kd2 b3 31. Nc3 Bxc3+ 32. bxc3 Ra8 33. Rb7 Rd8+
34. Ke3 e5 {Esen resigns} 0-1

[Event "ICS rated blitz match"]
[Site "204.178.125.65"]
[Date "2000.07.10"]
[Round "?"]
[White "salzi"]
[Black "Hossa"]
[Result "0-1"]
[WhiteElo "2014"]
[BlackElo "2512"]
[PlyCount "27"]
[EventDate "2000.??.??"]

1. d4 Nf6 2. c4 e6 3. Nc3 Bb4 4. e3 Bxc3+ 5. bxc3 c5 6. Bd3 Nc6 7. Nf3 d6 8.
O-O O-O 9. e4 cxd4 10. cxd4 b6 11. e5 dxe5 12. dxe5 Nd7 13. Bf4 Nc5 14. Bxh7+
0-1

[Event "ICS rated blitz match"]
[Site "204.178.125.65"]
[Date "2000.07.10"]
[Round "?"]
[White "Lalohg"]
[Black "Hossa"]
[Result "0-1"]
[WhiteElo "2019"]
[BlackElo "2514"]
[PlyCount "52"]
[EventDate "2000.??.??"]

1. e4 d5 2. exd5 Qxd5 3. d4 e5 4. Nc3 Qxd4 5. Qxd4 exd4 6. Nb5 Bb4+ 7. Kd1 Ba5
8. Nxd4 Nf6 9. Ngf3 O-O 10. c3 c5 11. Nb3 Bb6 12. Be3 Ng4 13. Bd3 c4 14. Bxc4
Bxe3 15. Re1 Bxf2 16. Re4 Bb6 17. Ke2 Nf6 18. Rh4 h6 19. Rd1 Re8+ 20. Kf1 Ng4
21. Rd3 Ne3+ 22. Rxe3 Bxe3 23. g3 Nc6 24. Kg2 g5 25. Rxh6 g4 26. Rg6+ Kf8 0-1